Religiöse Vielfalt in der Stadt

Saved in:  
Bibliographic Details
Main Author: Nagel, Alexander-Kenneth 1978- (Author)
Format: Print Article
Language:German
Check availability: HBZ Gateway
Interlibrary Loan:Interlibrary Loan for the Fachinformationsdienste (Specialized Information Services in Germany)
Published: 2015
In: Forum Wohnen und Stadtentwicklung
Year: 2015, Issue: 3, Pages: 121-126
Rights Information:InC 1.0

MARC

LEADER 00000caa a22000002c 4500
001 1938265920
003 DE-627
005 20251015124134.0
007 tu
008 251013s2015 xx ||||| 00| ||ger c
035 |a (DE-627)1938265920 
035 |a (DE-599)KXP1938265920 
040 |a DE-627  |b ger  |c DE-627  |e rda 
041 |a ger 
084 |a 0  |2 ssgn 
100 1 |e VerfasserIn  |0 (DE-588)131576410  |0 (DE-627)518671364  |0 (DE-576)255168411  |4 aut  |a Nagel, Alexander-Kenneth  |d 1978- 
109 |a Nagel, Alexander-Kenneth 1978-  |a Nagel, Alexander K. 1978-  |a Nagel, Alexander 1978-  |a Nagel, Alexander Kenneth 1978- 
245 1 0 |a Religiöse Vielfalt in der Stadt  |c Alexander-Kenneth Nagel 
264 1 |c 2015 
336 |a Text  |b txt  |2 rdacontent 
337 |a ohne Hilfsmittel zu benutzen  |b n  |2 rdamedia 
338 |a Band  |b nc  |2 rdacarrier 
540 |q DE-Tue135  |a Urheberrechtsschutz 1.0  |2 rs  |u http://rightsstatements.org/vocab/InC/1.0 
601 |a Vielfalt 
773 0 8 |i Enthalten in  |t Forum Wohnen und Stadtentwicklung  |d Berlin : vhw - Bundesverband für Wohnen und Stadtentwicklung, 2009  |g (2015), 3, Seite 121-126  |w (DE-627)592917460  |w (DE-600)2482055-6  |w (DE-576)347916813  |x 1867-8815  |7 nnas 
773 1 8 |g year:2015  |g number:3  |g pages:121-126 
951 |a AR 
ELC |b 1 
LOK |0 000 xxxxxcx a22 zn 4500 
LOK |0 001 4786233196 
LOK |0 003 DE-627 
LOK |0 004 1938265920 
LOK |0 005 20251013082435 
LOK |0 008 251013||||||||||||||||ger||||||| 
LOK |0 040   |a DE-Tue135  |c DE-627  |d DE-Tue135 
LOK |0 092   |o n 
LOK |0 852   |a DE-Tue135 
LOK |0 852 1  |9 00 
LOK |0 866   |x #092 
LOK |0 866   |x Erfassung nach Autorenmeldung 
LOK |0 935   |a ixzs  |a rwzw 
LOK |0 939   |a 13-10-25  |b l01 
ORI |a SA-MARC-ixtheoa001.raw 
REL |a 1 
SUB |a REL